000
00209 a2200097 4500
001
1184
100
_a
Kemp,P.
245
_a
Alternating cwveent electrical engg
260
_a
_b
Macmillan
_c
090
_c
746
_d
746
942
_a
NUST-CAE
_c
M
_c
34111
999
_c
236257
_d
236257